MARC details
| 000 -LEADER |
| fixed length control field |
02669cam a2200481 i 4500 |
| 001 - CONTROL NUMBER |
| control field |
200468160 |
| 003 - CONTROL NUMBER IDENTIFIER |
| control field |
TR-AnTOB |
| 005 - DATE AND TIME OF LATEST TRANSACTION |
| control field |
20260416164001.0 |
| 007 - PHYSICAL DESCRIPTION FIXED FIELD--GENERAL INFORMATION |
| fixed length control field |
ta |
| 008 - FIXED-LENGTH DATA ELEMENTS--GENERAL INFORMATION |
| fixed length control field |
260416t19641964ctu 000 f eng |
| 010 ## - LIBRARY OF CONGRESS CONTROL NUMBER |
| LC control number |
64020284 |
| 016 ## - NATIONAL BIBLIOGRAPHIC AGENCY CONTROL NUMBER |
| Record control number |
(AMICUS)000009766693 |
| 035 ## - SYSTEM CONTROL NUMBER |
| System control number |
(CLU)581429-ucladb-Voyager |
|
| System control number |
(OCoLC)00333347 |
| Canceled/invalid control number |
(OCoLC)610052519 |
| -- |
(OCoLC)1222887163 |
|
| System control number |
(OCoLC)ocm00333347 |
|
| System control number |
(EXLNZ-01UCS_NETWORK)9912948696106531 |
|
| System control number |
(TR-AnTOB)200468160 |
| 040 ## - CATALOGING SOURCE |
| Original cataloging agency |
DLC |
| Language of cataloging |
eng |
| Description conventions |
rda |
| Transcribing agency |
DLC |
| Modifying agency |
CCL |
| -- |
EL$ |
| -- |
BTCTA |
| -- |
MTG |
| -- |
UPM |
| -- |
TXJ |
| -- |
ZWZ |
| -- |
T7B |
| -- |
WSDBL |
| -- |
GBVCP |
| -- |
OCLCF |
| -- |
OCLCQ |
| -- |
OCLCO |
| -- |
OCLCQ |
| -- |
NLC |
| -- |
OCLCQ |
| -- |
PAU |
| -- |
OCLCQ |
| -- |
OCL |
| -- |
YBM |
| -- |
OCLCO |
| -- |
OCL |
| -- |
OCLCO |
| -- |
HIR |
| -- |
OCLCO |
| -- |
TXKIP |
| -- |
OCLCO |
| -- |
OCL |
| -- |
OCLCA |
| -- |
OCLCO |
| -- |
OCLCL |
| -- |
OCLCQ |
| -- |
TR-AnTOB |
| 041 0# - LANGUAGE CODE |
| Language code of text/sound track or separate title |
İngilizce |
| 042 ## - AUTHENTICATION CODE |
| Authentication code |
premarc |
| 043 ## - GEOGRAPHIC AREA CODE |
| Geographic area code |
n-us--- |
| 050 04 - LIBRARY OF CONGRESS CALL NUMBER |
| Classification number |
PS3552.E719 |
| Item number |
L5 1964 |
| 090 ## - LOCALLY ASSIGNED LC-TYPE CALL NUMBER (OCLC); LOCAL CALL NUMBER (RLIN) |
| Classification number (OCLC) (R) ; Classification number, CALL (RLIN) (NR) |
PS3552.E719 |
| Local cutter number (OCLC) ; Book number/undivided call number, CALL (RLIN) |
L5 1964 |
| 100 1# - MAIN ENTRY--PERSONAL NAME |
| Personal name |
Berger, Thomas, |
| Dates associated with a name |
1924-2014 |
| Relator term |
author |
| Relator code |
aut |
| Authority record control number or standard number |
http://id.loc.gov/authorities/names/n79109066 |
| 9 (RLIN) |
153744 |
| 245 10 - TITLE STATEMENT |
| Title |
Little big man / |
| Statement of responsibility, etc. |
Thomas Berger. |
| 264 #1 - PRODUCTION, PUBLICATION, DISTRIBUTION, MANUFACTURE, AND COPYRIGHT NOTICE |
| Place of production, publication, distribution, manufacture |
Greenwich, Conn. : |
| Name of producer, publisher, distributor, manufacturer |
Fawcett Publications, |
| Date of production, publication, distribution, manufacture, or copyright notice |
1964. |
|
| Date of production, publication, distribution, manufacture, or copyright notice |
©1964 |
| 300 ## - PHYSICAL DESCRIPTION |
| Extent |
447 pages ; |
| Dimensions |
18 cm |
| 336 ## - CONTENT TYPE |
| Content type term |
text |
| Content type code |
txt |
| Source |
rdacontent |
| 337 ## - MEDIA TYPE |
| Media type term |
unmediated |
| Media type code |
n |
| Source |
rdamedia |
| 338 ## - CARRIER TYPE |
| Carrier type term |
volume |
| Carrier type code |
nc |
| Source |
rdacarrier |
| 505 0# - FORMATTED CONTENTS NOTE |
| Formatted contents note |
Terrible mistake -- Boiled dog -- I make an enemy -- Pronghorn slaughter -- My education as a human being -- New name -- We take on the cavalry -- Adopted again -- Sin -- Through the shutter -- Hopeless -- Going for gold -- Cheyenne homecoming -- We get jumped -- Union Pacific -- My Indian wife -- In the valley of the Washita -- Big medicine of Long Hair -- To the Pacific and back -- Wild Bill Hickok -- My niece Amelia -- Bunco and Buffalo -- Amelia makes good -- Caroline -- Custer again -- Trailing the hostiles -- Greasy grass -- Last stand -- Victory -- End. |
| 520 ## - SUMMARY, ETC. |
| Summary, etc. |
Fictional reminiscences of an 111-year-old man telling of his checkered career as plainsman, Indian scout, and squaw man and of his colorful acquaintances. |
| 650 #0 - SUBJECT ADDED ENTRY--TOPICAL TERM |
| Topical term or geographic name entry element |
Cheyenne Indians |
| Form subdivision |
Fiction |
| 9 (RLIN) |
153745 |
| 655 #7 - INDEX TERM--GENRE/FORM |
| Genre/form data or focus term |
Picaresque fiction |
| Source of term |
lcgft |
| Authority record control number |
http://id.loc.gov/authorities/genreForms/gf2014026479 |
| 9 (RLIN) |
153746 |
|
| Genre/form data or focus term |
Western fiction |
| Source of term |
lcgft |
| Authority record control number |
http://id.loc.gov/authorities/genreForms/gf2014026594 |
| 9 (RLIN) |
153747 |
|
| Genre/form data or focus term |
Historical fiction |
| Source of term |
lcgft |
| Authority record control number |
https://id.loc.gov/authorities/genreForms/gf2014026370 |
| 9 (RLIN) |
5021 |
|
| Genre/form data or focus term |
Fiction |
| Source of term |
lcgft |
| Authority record control number |
https://id.loc.gov/authorities/genreForms/gf2014026339 |
| 9 (RLIN) |
151487 |
|
| Genre/form data or focus term |
Novels |
| Source of term |
lcgft |
| Authority record control number |
http://id.loc.gov/authorities/genreForms/gf2015026020 |
| 9 (RLIN) |
153321 |
| 942 ## - ADDED ENTRY ELEMENTS (KOHA) |
| Source of classification or shelving scheme |
Library of Congress Classification |
| Koha item type |
Book |